Normal view MARC view
  • Borriello, Gaetano

Entry Personal Name

Number of records used in: 1

001 - CONTROL NUMBER

  • control field: 83514

003 - CONTROL NUMBER IDENTIFIER

  • control field: NUST

005 - DATE AND TIME OF LATEST TRANSACTION

  • control field: 20211027161411.0

008 - FIXED-LENGTH DATA ELEMENTS

  • fixed length control field: 211027|| aca||aabn | a|a d

040 ## - CATALOGING SOURCE

  • Original cataloging agency: NUST
  • Transcribing agency: NUST

100 ## - HEADING--PERSONAL NAME

  • Personal name: Borriello, Gaetano

670 ## - SOURCE DATA FOUND

  • Source citation: Work cat.: (NUST)31891: Katz, Randy H., 1955- 83512, Contemporary Logic Design /, c2005.
© 2023 Central Library, National University of Sciences and Technology. All Rights Reserved.